Người kể chuyện trong tiểu thuyết Thất lạc cõi người của Dazai Osamu

Về hình tượng người kể chuyện- nhân vật trung tâm Oba Yozo. Người kể chuyện- lằn ranh giữa tự thuật và hư cấu. Người kể chuyện và cấu trúc truyện kể

Tallennettuna:
Bibliografiset tiedot
Päätekijä: Thái Thị Thu Hoài
Muut tekijät: Nguyễn Phương Khánh (Hướng dẫn)
Aineistotyyppi: Kirja
Kieli:Vietnamese
Julkaistu: Đà Nẵng Đại học Sư phạm, Đại học Đà Nẵng 2013
Aiheet:
Tagit: Lisää tagi
Ei tageja, Lisää ensimmäinen tagi!
Thư viện lưu trữ: Mạng thư viện Đại học Đà Nẵng
LEADER 01789nam a2200397 4500
001 000019039
003 15474
005 20140313160340.0
008 140303s2013 viesd
041 |a vie 
072 |a VH 
082 1 4 |a 895.6344  |b TH-H 
100 1 |a Thái Thị Thu Hoài 
245 1 0 |a Người kể chuyện trong tiểu thuyết Thất lạc cõi người của Dazai Osamu  |c Thái Thị Thu Hoài ; Nguyễn Phương Khánh hướng dẫn  |k Khóa luận tốt nghiệp 
260 |a Đà Nẵng  |b Đại học Sư phạm, Đại học Đà Nẵng  |c 2013 
300 |a 83 tr.  |c 29 cm. 
500 |a Khóa luận tốt nghiệp đại học. Chuyên ngành: Sư phạm Ngữ văn 
520 |a Về hình tượng người kể chuyện- nhân vật trung tâm Oba Yozo. Người kể chuyện- lằn ranh giữa tự thuật và hư cấu. Người kể chuyện và cấu trúc truyện kể 
600 1 4 |a Osamu, Dazai  |d 1909-1948  |t Thất lạc cõi người 
650 0 4 |a Tiểu thuyết Nhật Bản  |v Khóa luận tốt nghiệp  |x Osamu, Dazai 
653 |a Thất lạc cõi người 
653 |a Khoa Ngữ văn 
653 |a Tiểu thuyết Nhật Bản 
653 |a Kể chuyện 
653 |a Văn học Nhật Bản 
700 1 |a Nguyễn Phương Khánh  |e Hướng dẫn 
OWN |a LSP 
AVA |a UDN50  |b LSP  |d 895.6344 TH-H  |e available  |t Error 5001 Not defined in file expand_doc_bib_avail.  |f 1  |g 0  |h N  |i 0  |k 1 
999 |a From the UDN01 
AVA |a UDN50  |b LSP  |d 895.6344 TH-H  |e available  |t Error 5001 Not defined in file expand_doc_bib_avail.  |f 1  |g 0  |h N  |i 0  |k 1 
TYP |a Monograph 
TYP |a Printed language 
980 |a Mạng thư viện Đại học Đà Nẵng